Społeczeństwo polskie od 10 do 20 wieku

Bibliographic Details
Format: Book
Language:Polish
PhysicalDescription:702 s. 24 cm
Published: Warszawa Książka i Wiedza 1996
ISBN:8305128466
Edition:3. popr. wyd.
Subjects:

MARC

LEADER 00000nam a2200000 a 4500
001 vtls001309715
003 SK-MaSNL
005 20260301005102.0
008 251124s1996 PL a 0 pol
020 |a 8305128466  |c [220,00] 
035 |a SNK000262051 
040 |a SNK  |b slo  |c SNK  |e AACR2 
044 |a PL 
080 |a 316.3(438)(091)"09/19"  |2 1981 
245 1 |a Społeczeństwo polskie od 10 do 20 wieku  |c Ireneusz Ihnatowicz ... [et al.] 
250 |a 3. popr. wyd. 
260 |a Warszawa  |b Książka i Wiedza  |c 1996 
300 |a 702 s.  |c 24 cm 
650 0 7 |a spoločnosť poľská  |y stor. 10.-20.  |x dejiny  |2 SNK  |9 288875 
919 |a 83-05-12846-6 
999 |c 544113  |d 546043 
952 |t P60, <04>, [BOOK], {604}  |a SNK  |b SNK  |y VYP  |7 0  |p 17A0103498  |o snkIC 126802  |i snkV 2633/97  |0 0  |1 0  |4 0  |d 1997-11-10  |l 0  |r 2005-01-02 00:00:00  |w 2026-02-23